000 01315cam a22003135a 4500
001 L142819
002 16784
008 080311s2008 xxkd f 001 0 eng d
020 _a9780415424448
_a0415424445
022 1 _a0267-4181
035 _a(Sirsi) u142819
041 0 _aeng
050 0 4 _a712.3 $2 18
110 2 _aDavis Langdon
_94649
245 0 0 _aSpon's external works and landscape price book 2008
250 _a27th ed.
260 _aAbingdon
_bTaylor Francis
_c2008
300 _axxviii, 464p.
_c26cm.
350 _a105
505 2 _aGeneral -- Approximate estimates: major works -- Prices for measured works: major works -- Approximate estimates: minor works -- Prices for measured works: minor works -- Fees for professional services -- Rates of wages -- Daywork and prime cost -- Tables and memoranda
520 _aProvides a comprehensive source of information for detailed landscape and external works costs, covering all the items to be found in hard and soft landscape contracts.
520 _aSupersedes 26th edition (ISBN 0415393841).
520 _aSuperseded by 28th edition (ISBN 9780415465595 ).
521 2 _aAdvanced
651 4 _aUnited Kingdom
_y
690 _aBUILT ENVIRONMENT-BUILDING COSTS
710 2 _aLandPro Ltd Landscape Chartered Surveyors
_94654
942 _n0
999 _c107993
_d107993